La promesa unilaterale: studio sulla formazione unilaterale del rapporto obligatorio tra diritto romano, tradizione e romanística e prospettive future
Saved in:
| Hovedforfatter: | |
|---|---|
| Format: | Bog |
| Sprog: | italiensk |
| Udgivet: |
Nápoles
Satura Editrice
2012
|
| Udgivelse: | 1a. ed |
| Serier: | Dipartamento di Diritto Romano, 31
|
| Fag: | |
| Tags: |
Tilføj Tag
Ingen Tags, Vær først til at tagge denne postø!
|
MARC
| LEADER | 00000cam a2200000 a 4500 | ||
|---|---|---|---|
| 001 | UCE5236 | ||
| 003 | CL-VaPUC | ||
| 008 | 141218e20120000it |||||||||||||||||ita|d | ||
| 020 | |a 9788876071058 | ||
| 082 | 0 | 4 | |a 340.54 |b CAR |2 21 |
| 100 | 0 | |a Carro, Valeria |e author |9 577772 | |
| 245 | 1 | 3 | |a La promesa unilaterale: studio sulla formazione unilaterale del rapporto obligatorio tra diritto romano, tradizione e romanística e prospettive future |
| 250 | |a 1a. ed | ||
| 300 | |a 229 p | ||
| 942 | |c BK | ||
| 945 | |d 20141218 14:42:00 |a dcastane | ||
| 260 | |a Nápoles |b Satura Editrice |c 2012 | ||
| 650 | 0 | |a Derecho romano |9 255930 | |
| 650 | 0 | |a Historia del derecho |9 255109 | |
| 583 | |a last modification |c 20141218 14:42:00 |k Rodrigo Vera | ||
| 490 | 0 | |a Dipartamento di Diritto Romano, 31 | |
| 999 | |c 357996 |d 357994 | ||
| 952 | |0 0 |1 0 |3 erb |4 0 |6 340_540000000000000_CAR_2012 |7 0 |8 DER_HIS |9 466201 |a BIBDER |b BIBDER |i 5129842 |l 1 |o 340.54 CAR 2012 |p 5129842 |r 2023-01-25 |s 2020-03-19 |w 2019-11-23 |x Ubicación 4to Piso |y BK |z Estos recursos deben solicitarse con anticipación |k DER | ||